00991cas a2200241u| 450000100060000000300080000600500170001400800400003103500190007104000330009004100080012308200210013124501170015226001280026930000210039750000120041865000490043070000210047971000630050094200120056399900170057595201570059210650BD-RjUL20211208235006.0140125s19531942pk | | || ||eng| a(BD-RjUL)10698 aDLCcCarPdDLCdBD-RjULbeng aeng a348.5491046bFED14aThe Federal court reports :bcontaining cases determined by the Federal court of Pakistan /cM. Anwar.nVol. III aDelhi :bPublished, under the authority of the Federal court of India, by the Manager of publications, civil lines,c[1953] a(4) v. ;c24 cm. aSerial. 0aLaw reports, digests, etc.zPakistan.9158491 aAnwar, M.9329261 aGreat Britain.bPrivy Council.bJudicial Committee.932927 2ddccBK c10650d10650 00102ddc3V-340708NFICaRUCLbRUCLcReadingd2014-01-25ePakistan Law Houseg0.00l0o348.5491046 FED 1953r2014-01-25 00:00:00tC-1w2021-12-08yBK